Phases finales de la CAN 2025. - Statistiques

Statistiques générales
  • Ce quiz a été pris 114 fois
  • Le résultat moyen est 13 sur 16
Statistiques - réponses
Réponse % Correct
Maroc
100%
Sénégal
100%
Égypte
99%
Algérie
97%
Nigeria
94%
Tunisie
90%
Cameroun
89%
Mali
89%
RD Congo
86%
Côte d'Ivoire
84%
Afrique du Sud
77%
Tanzanie
67%
Soudan
60%
Burkina Faso
52%
Mozambique
52%
Bénin
51%
Aucun quiz correspondant
Distribution des résultats
% des personnes avec chaque résultat
Percentile par nombre de réponses
Votre historique - résultats
Vous n’avez pas pris ce quiz